000 00534nam a2200193Ia 4500
008 151121s9999||||xx |||||||||||||| ||und||
082 _a824-/Bla
082 _bHNW-67826
100 _aBlavatsky H।P।
245 _aTwo books of the stanzas of dzyan
260 _b"The Theosophical Pub। house,Madras"
260 _c--
300 _a235
600 _aBlavatsky H।P।
630 _aTwo books of the stanzas of dzyan
700 _aBlavatsky H।P।
730 _aTwo books of the stanzas of dzyan
942 _cBOOK
999 _c1249320
_d1249317